Narraciones extraordinarias, segunda selección
Saved in:
| Main Author: | |
|---|---|
| Format: | Book |
| Language: | Spanish |
| Published: |
Barcelona
Ediciones 29
1997
|
| Edition: | 1a. ed |
| Series: | Grandes Autores
|
| Subjects: | |
| Tags: |
Add Tag
No Tags, Be the first to tag this record!
|
MARC
| LEADER | 00000nam a2200000 a 4500 | ||
|---|---|---|---|
| 001 | UCH8499 | ||
| 003 | CL-VaPUC | ||
| 008 | 091127e19970900SP |||||||||||||||||spa|d | ||
| 020 | |a 8471752522 | ||
| 082 | 0 | 4 | |a 813 |b POE |2 21 |
| 100 | |a Poe, Edgar Allan |e author |9 313715 | ||
| 245 | 1 | 0 | |a Narraciones extraordinarias, segunda selección |
| 250 | |a 1a. ed | ||
| 300 | |a 110 p | ||
| 942 | |c BK | ||
| 945 | |d 20091127 00:00:00 |a lazolas | ||
| 260 | |a Barcelona |b Ediciones 29 |c 1997 | ||
| 500 | |a Cuentos: | ||
| 500 | |a El dominio de Arnheim | ||
| 500 | |a La carta robada | ||
| 500 | |a El corazón delator | ||
| 500 | |a Bon Bon el filósofo | ||
| 500 | |a El alce | ||
| 500 | |a William Wilson | ||
| 500 | |a La pérdida del aliento | ||
| 650 | 0 | |a Literatura estadounidense |9 317168 | |
| 650 | 0 | |a Cuentos estadounidenses |9 265133 | |
| 583 | |a last modification |c 20091127 00:00:00 |k Rodrigo Vera | ||
| 490 | 0 | |a Grandes Autores | |
| 999 | |c 338710 |d 338708 | ||